Social Dynamics of the IT Field : The Case Of Denmark
Αποθηκεύτηκε σε:
| Άλλοι συγγραφείς: | , , |
|---|---|
| Μορφή: | Βιβλίο |
| Γλώσσα: | English |
| Δημοσίευση: |
Berlin :
Walter de Gruyter,
c1992
|
| Σειρά: | De Gruyter studies in organization ;
; 39 |
| Θέματα: | |
| Ετικέτες: |
Προσθήκη ετικέτας
Δεν υπάρχουν, Καταχωρήστε ετικέτα πρώτοι!
|
MARC
| LEADER | 00000nam a2200000 i 4500 | ||
|---|---|---|---|
| 001 | 1/38298 | ||
| 008 | 950118s1992 eng d | ||
| 020 | |a 0-89925-860-3 | ||
| 035 | |a 1995 |c ΤΣΙΒΑΚΟΥ |l 10040733 | ||
| 040 | |a GR-MY-UA |b gre |e aacr | ||
| 041 | 0 | |a eng | |
| 082 | 0 | |a 306.4209489 | |
| 245 | 1 | 0 | |a Social Dynamics of the IT Field : |b The Case Of Denmark / |c Fine Borum...[et al.]. |
| 260 | |a Berlin : |b Walter de Gruyter, |c c1992 | ||
| 300 | |a 328 p.; |c 24 cm. | ||
| 490 | 1 | |a De Gruyter studies in organization |v ; 39 | |
| 500 | |a Includes bibliographical references and index | ||
| 650 | 0 | 0 | |a Information technology |z Denmark. |
| 650 | 0 | 0 | |a High technology industries |z Denmark. |
| 650 | 0 | 0 | |a Corporate culture |z Denmark. |
| 700 | 1 | |a Borum, Finn. | |
| 700 | 1 | |a Friedman, Andrew Lioyd. | |
| 700 | 1 | |a Monsted, Mette. | |
| 830 | 0 | |a De Gruyter studies in organization ; |v ; 39 | |
| 852 | |a INST |b SAMOS |e 19950118 |h 306.4209489 SOC |p 005300006285 |q 005300006285 |t BK |y 0 | ||
| 909 | |a Σ |b 037843 | ||